Liste des Super Animaux dans Super Animal Royale - Statistiques

Statistiques générales
  • Ce quiz a été pris 9 fois
  • Le résultat moyen est 25 sur 63
Statistiques - réponses
Réponse % Correct
Super Canard
100%
Super Chat
100%
Super Cochon
100%
Super Cerf
67%
Super Chauve-Souris
67%
Super Chien
67%
Super Dragon
67%
Super Hérisson
67%
Super Lion
67%
Super Loup
67%
Super Loutre
67%
Super Ours
67%
Super Paon
67%
Super Poisson
67%
Super Poule
67%
Super Poulpe
67%
Super Renard
67%
Super Requin
67%
Super Serpent
67%
Super Singe
67%
Super Tigre
67%
Super Agame Barbu
33%
Super Âne
33%
Super Blaireau
33%
Super Capybara
33%
Super Chatcrâne
33%
Super Cheval
33%
Super Chèvre
33%
Super Corbeau
33%
Super Faucon
33%
Super Furet
33%
Super Geai Bleu
33%
Super Hyène
33%
Super Lapin
33%
Super Léopard
33%
Super Lézard
33%
Super Mouette
33%
Super Moufette
33%
Super Mouton
33%
Super Oscine
33%
Super Panda
33%
Super Panda Roux
33%
Super Paresseux
33%
Super Perroquet
33%
Super Phoque
33%
Super Pigeon
33%
Super Rat
33%
Super Raton Laveur
33%
Super Salamandre
33%
Super Sanglier
33%
Super Vache
33%
Super Castor
0%
Super Crocodile
0%
Super Dauphin
0%
Super Ecureuil
0%
Super Grenouille
0%
Super Hibou
0%
Super Hippopotame
0%
Super Lémurien
0%
Super Manchot
0%
Super Opossum
0%
Super Rhinocéros
0%
Super Tortue
0%
Aucun quiz correspondant
Distribution des résultats
% des personnes avec chaque résultat
Percentile par nombre de réponses
Votre historique - résultats
Vous n’avez pas pris ce quiz